15 Largest Cities in Guinea🇬🇳 - Statistics

General Stats
  • This quiz has been taken 9 times
  • The average score is 4 of 15
Answer Stats
Population City % Correct
1.7 mil Conakry
100%
114k Kankan
33%
58k Labe
33%
77k Coyah
17%
44k Fria
17%
79k Gueckedou
17%
117k Kindia
17%
47k Kissidougou
17%
43k Macenta
17%
41k Mamou
17%
132k Nzerekore
17%
20k Pita
17%
43k Siguiri
17%
30k Telimele
17%
25k Tougue
17%
No matching quizzes found
Score Distribution
Percent of People with Each Score
Percentile by Number Answered
Your Score History
You have not taken this quiz